[Event "World Junior U20 Open 2018"]
[Site "Gebze"]
[Date "2018.09.07"]
[Round "4.80"]
[White "Akdogan, Alperen"]
[Black "Caglar, Ahmet Ata"]
[Result "1-0"]
[WhiteElo "2278"]
[BlackElo "2071"]
[Annotator "NA"]
[PlyCount "97"]
[EventDate "2018.09.05"]
[EventType "swiss"]
[EventCountry "TUR"]
[SourceTitle "playchess.com"]
[Source "ChessBase"]
[SourceQuality "1"]
[TimeControl "40/5400+30:1800+30"]

1. d4 {[%emt 0:00:30]} Nf6 {[%emt 0:00:30]} 2. c4 {[%emt 0:00:30]} g6 {[%emt 0:00:30]} 3. Nc3 {[%emt 0:00:30]} Bg7 {[%emt 0:00:30]} 4. e4 {[%emt 0:00:30]} d6 {[%emt 0:00:30]} 5. Nf3 {[%emt 0:00:30]} O-O {[%emt 0:00:30]} 6. h3 {[%emt 0:00:00]} Na6 {[%emt 0:00:00]} 7. Bg5 {[%emt 0:00:00]} e5 {[%emt 0:04:00]} 8. d5 {[%emt 0:00:00]} h6 {[%emt 0:01:30]} 9. Be3 {[%emt 0:00:00]} Nc5 {[%emt 0:00:30]} 10. Nd2 {[%emt 0:00:00]} a5 {[%emt 0:01:30]} 11. Be2 {[%emt 0:00:00]} Ne8 {[%emt 0:03:30]} 12. g4 {[%emt 0:03:30] E92: King's Indian: Classical: 6 Be2 e5: 7 dxe5, 7 Be3 and Petrosian System without 7...Nbd7} c6 {[%emt 0:05:30]} 13. Qc2 {[%emt 0:07:30]} Bd7 {[%emt 0:00:30]} 14. h4 {[%emt 0:02:30]} (14. O-O-O cxd5 15. Nxd5 Nc7 16. Nxc7 Qxc7 17. Nb1 Ne6 18. Nc3 Nf4 19. Nd5 Nxd5 20. cxd5 {1-0 (42) Lupulescu,C (2655)-Popovics,A (2399) Hungary 2011}) 14... a4 {[%emt 0:03:30]} 15. h5 {[%emt 0:02:30]} g5 $146 {[%emt 0:01:30]} ({Predecessor:} 15... Qa5 16. a3 f5 17. hxg6 f4 18. Bxc5 dxc5 19. f3 Rf6 20. O-O-O Rxg6 {1-0 (55) Bjelobrk,I (2392)-Brown,A (2187) Canberra 2016}) 16. Bxc5 {[%emt 0:07:30]} dxc5 {[%emt 0:00:30]} 17. Nxa4 {[%emt 0:00:30]} cxd5 {[%emt 0:00:00]} 18. Nxc5 {[%emt 0:00:30]} d4 {[%emt 0:01:00]} 19. Nd3 {[%emt 0:06:30]} Nc7 $11 {[%emt 0:04:30]} 20. O-O {[%emt 0:12:30]} Ne6 {[%emt 0:01:30]} 21. Rfc1 {[%emt 0:14:30]} Nf4 {[%emt 0:02:30]} 22. Nf1 {[%emt 0:02:30]} f5 {[%emt 0:18:30]} 23. gxf5 {[%emt 0:07:30]} g4 {[%emt 0:00:30]} 24. Ng3 {[%emt 0:11:30]} Qh4 {[%emt 0:01:30]} 25. Bf1 {[%emt 0:00:30]} Bf6 {[%emt 0:03:30]} 26. Qb3 {[%emt 0:08:31]} Bc6 {[%emt 0:04:30]} 27. Nb4 {[%emt 0:02:39]} Bg5 {[%emt 0:00:30]} 28. Nd5 {[%emt 0:03:08]} Nxh5 {[%emt 0:06:30]} 29. Nxh5 {[%emt 0:01:38]} Qxh5 {[%emt 0:00:30]} 30. Re1 {[%emt 0:05:21]} Bxd5 {[%emt 0:02:30]} 31. cxd5 {[%emt 0:00:48]} Bf4 {[%emt 0:00:30]} 32. Bg2 {[%emt 0:00:00]} Qh2+ {[%emt 0:00:30]} 33. Kf1 {[%emt 0:00:00]} h5 {[%emt 0:00:30]} 34. d6+ {[%emt 0:00:39]} Kh8 {[%emt 0:00:30]} 35. Rac1 {[%emt 0:00:22]} Bxc1 {[%emt 0:01:30]} 36. Rxc1 {[%emt 0:00:01]} h4 {[%emt 0:00:30]} 37. Qe6 {[%emt 0:00:52]} Qf4 {[%emt 0:00:30]} 38. Rc7 {[%emt 0:01:49]} Qg5 {[%emt 0:05:30]} 39. Qxe5+ {[%emt 0:00:38]} Qf6 {[%emt 0:06:30]} 40. Qxf6+ {[%emt 0:00:30]} Rxf6 {[%emt 0:00:00]} 41. d7 {[%emt 0:02:04]} Rc6 {[%emt 0:03:00]} 42. Rxc6 {[%emt 0:01:30]} bxc6 {[%emt 0:00:30]} 43. e5 {[%emt 0:01:30]} Kg7 {[%emt 0:00:30]} 44. Bxc6 {[%emt 0:00:30]} Rd8 {[%emt 0:00:30]} 45. Ke2 {[%emt 0:07:30]} h3 {[%emt 0:00:00]} 46. Kd3 {[%emt 0:02:59]} h2 {[%emt 0:00:00]} 47. e6 {[%emt 0:00:00]} Kf6 {[%emt 0:00:30]} 48. a4 {[%emt 0:00:40]} Ke7 {[%emt 0:00:30]} 49. a5 {[%emt 0:02:29]} 1-0

[Event "World Junior U20 Open 2018"]
[Site "Gebze"]
[Date "2018.09.07"]
[Round "4.81"]
[White "Kara, Yanki"]
[Black "Rajic, Ivan"]
[Result "1-0"]
[WhiteElo "2262"]
[BlackElo "2021"]
[Annotator "NA"]
[PlyCount "53"]
[EventDate "2018.09.05"]
[EventType "swiss"]
[EventCountry "TUR"]
[SourceTitle "playchess.com"]
[Source "ChessBase"]
[SourceQuality "1"]
[TimeControl "40/5400+30:1800+30"]

1. Nf3 {[%emt 0:00:30]} Nf6 {[%emt 0:00:30]} 2. g3 {[%emt 0:00:00]} g6 {[%emt 0:00:30]} 3. b3 {[%emt 0:00:00]} Bg7 {[%emt 0:00:30]} 4. Bb2 {[%emt 0:00:30]} O-O {[%emt 0:00:30]} 5. Bg2 {[%emt 0:00:30]} d5 {[%emt 0:00:30]} 6. c4 {[%emt 0:00:00]} c6 {[%emt 0:00:30]} 7. O-O {[%emt 0:00:00]} Nbd7 {[%emt 0:01:30]} 8. d4 {[%emt 0:00:00]} e6 {[%emt 0:09:30]} 9. Nbd2 {[%emt 0:00:00]} b6 {[%emt 0:02:30]} 10. Qc2 {[%emt 0:02:30]} c5 {[%emt 0:02:30]} 11. Rfd1 {[%emt 0:04:30]} Bb7 {[%emt 0:02:30]} 12. Rac1 {[%emt 0:00:30]} Rc8 {[%emt 0:07:30]} 13. Qb1 {[%emt 0:00:30]} Re8 {[%emt 0:03:30]} 14. Qa1 {[%emt 0:02:30]} Ne4 {[%emt 0:09:30]} 15. e3 {[%emt 0:22:30]} Qe7 {[%emt 0:05:30]} 16. Qb1 {[%emt 0:14:30]} Nxd2 {[%emt 0:21:30]} 17. Nxd2 {[%emt 0:03:30]} Nf6 {[%emt 0:03:30]} 18. dxc5 {[%emt 0:01:30]} bxc5 {[%emt 0:01:30]} 19. Qc2 {[%emt 0:01:30]} e5 {[%emt 0:04:30]} 20. cxd5 {[%emt 0:01:30]} Nxd5 {[%emt 0:00:30]} 21. a3 {[%emt 0:01:30]} Nb6 {[%emt 0:02:44]} 22. Bxb7 {[%emt 0:01:30]} Qxb7 {[%emt 0:00:10]} 23. Ne4 {[%emt 0:00:00]} Red8 {[%emt 0:04:15]} 24. Nd6 {[%emt 0:01:00]} Rxd6 {[%emt 0:00:30]} 25. Rxd6 {[%emt 0:00:30]} c4 {[%emt 0:00:00]} 26. Rcd1 {[%emt 0:04:30]} c3 {[%emt 0:00:19]} 27. Rd8+ {[%emt 0:00:00]} 1-0

[Event "World Junior U20 Open 2018"]
[Site "Gebze"]
[Date "2018.09.07"]
[Round "4.82"]
[White "Yilmaz, Goktan"]
[Black "Daghan, Devran"]
[Result "1-0"]
[WhiteElo "2237"]
[BlackElo "2004"]
[Annotator "NA"]
[PlyCount "93"]
[EventDate "2018.09.05"]
[EventType "swiss"]
[EventCountry "TUR"]
[SourceTitle "playchess.com"]
[Source "ChessBase"]
[SourceQuality "1"]
[TimeControl "40/5400+30:1800+30"]

1. e4 {[%emt 0:00:30]} c5 {[%emt 0:00:30]} 2. Nf3 {[%emt 0:00:30]} d6 {[%emt 0:00:30]} 3. d4 {[%emt 0:00:30]} cxd4 {[%emt 0:00:00]} 4. Nxd4 {[%emt 0:00:00]} Nf6 {[%emt 0:00:00]} 5. Nc3 {[%emt 0:00:00]} a6 {[%emt 0:00:30]} 6. Be3 {[%emt 0:00:30]} e5 {[%emt 0:00:30]} 7. Nf3 {[%emt 0:00:30]} Be7 {[%emt 0:00:00]} 8. Bc4 {[%emt 0:00:00]} O-O {[%emt 0:00:00]} 9. O-O {[%emt 0:01:00]} Nbd7 {[%emt 0:10:30] B90: Sizilianisch (Najdorf-Variante, Abweichungen)} (9... Be6 10. Bb3 Qc7 11. Nh4 g6 12. Nf3 Re8 13. Ng5 Bc4 14. Re1 Nbd7 15. a4 Qc6 16. Bxc4 Qxc4 17. a5 Qc6 18. Qd3 Rac8 {½-½ (48) Sjugirov,S (2652)-Wojtaszek,R (2738) Batumi 2018}) 10. a4 {[%emt 0:09:30]} Qc7 {[%emt 0:06:30]} 11. Qe2 {[%emt 0:02:30]} b6 {[%emt 0:07:30]} 12. Rad1 {[%emt 0:09:30]} Bb7 {[%emt 0:00:30]} 13. Bg5 {[%emt 0:01:30]} h6 {[%emt 0:19:30]} 14. Bxf6 {[%emt 0:01:30]} Nxf6 {[%emt 0:00:30]} 15. Rfe1 {[%emt 0:05:30]} Rfc8 $146 {[%emt 0:04:30]} ({Vorgänger:} 15... g6 16. Bb3 Rac8 17. Nd2 Kg7 18. Qf3 Qc5 19. Nc4 Qb4 20. Ne3 {1-0 (44) Frolyanov,D (2564)-Ivanov,R (2252) Kazan 2009}) 16. Bb3 {[%emt 0:00:30]} Qc5 {[%emt 0:01:30]} 17. Nh4 {[%emt 0:04:30]} Bc6 {[%emt 0:12:30]} 18. Nf5 {[%emt 0:04:30]} Re8 {[%emt 0:13:43]} 19. Qf3 {[%emt 0:05:30]} Bd7 {[%emt 0:02:12]} 20. Nd5 {[%emt 0:03:30]} Bxf5 {[%emt 0:02:53]} 21. Qxf5 {[%emt 0:00:30]} Ra7 {[%emt 0:00:51]} 22. Ne3 {[%emt 0:08:30]} Bf8 {[%emt 0:02:17]} 23. Qf3 {[%emt 0:01:30]} Qc8 $16 {[%emt 0:02:23]} 24. Nf5 {[%emt 0:05:30]} Qd8 {[%emt 0:00:06]} 25. Qg3 {[%emt 0:02:30]} Kh7 {[%emt 0:02:44]} 26. Rxd6 {[%emt 0:06:30]} Qc8 {[%emt 0:06:54]} 27. Qf3 {[%emt 0:04:30]} Bxd6 {[%emt 0:03:37]} 28. Nxd6 {[%emt 0:00:00]} Qc6 {[%emt 0:00:16]} 29. Nxe8 {[%emt 0:01:00]} Qxe8 {[%emt 0:00:01]} 30. Rd1 {[%emt 0:03:55]} Qe7 {[%emt 0:00:46]} 31. Qe3 {[%emt 0:03:30]} Rd7 {[%emt 0:00:28]} 32. Bd5 {[%emt 0:00:27]} Qb4 {[%emt 0:00:28]} 33. b3 {[%emt 0:00:24]} g6 {[%emt 0:00:28]} 34. f3 {[%emt 0:00:56]} Kg7 {[%emt 0:00:18]} 35. c3 {[%emt 0:00:58]} Qc5 {[%emt 0:00:55]} 36. Qxc5 {[%emt 0:01:14]} bxc5 {[%emt 0:00:00]} 37. b4 {[%emt 0:01:31]} cxb4 {[%emt 0:00:33]} 38. cxb4 {[%emt 0:00:09]} Nxd5 {[%emt 0:00:54]} 39. Rxd5 {[%emt 0:03:16]} Rb7 {[%emt 0:00:26]} 40. b5 {[%emt 0:01:04]} axb5 {[%emt 0:00:00]} 41. axb5 {[%emt 0:01:36]} Kf6 {[%emt 0:00:47]} 42. Kf2 {[%emt 0:00:00]} Ke6 {[%emt 0:00:30]} 43. Ke3 {[%emt 0:04:00]} h5 {[%emt 0:06:30]} 44. Kd3 {[%emt 0:01:30]} h4 {[%emt 0:00:30]} 45. Kc4 {[%emt 0:01:30]} g5 {[%emt 0:01:30]} 46. Rc5 {[%emt 0:00:30]} Rd7 {[%emt 0:01:30]} 47. b6 {[%emt 0:01:30]} 1-0